000 00941nam a2200265Ia 4500
003 OSt
005 20221005104604.0
006 a|||||r|||| 00| 0
007 ta
008 221004b |||||||| |||| 00| 0 hin d
020 _a9788170289821 (pbk)
_c250
024 _a13607
037 _bSP/3352, 21/03/2014, Star Publications Pvt. Ltd.
_cTextual
040 _aCRL
_cCRL
_bhin
041 _2hin
_ahin
082 _aO168,1x, 152Q1
100 _aश्रीकांत, संपा.
245 0 _aपाकिस्तान की शायरी
246 _aPākistān kī shāyarī
260 _aदिल्ली
_bराजपाल भारत
_c2011
300 _a216पृ0
_ccm.
650 _aहिन्दी साहित्य
942 _hO168,1x, 152Q1
_cTEXL
_2cc
999 _c1013178
_d1013178